[Event "Thessaloniki White Tower op-C 41th"]
[Site "Thessaloniki"]
[Date "2019.01.07"]
[Round "6.19"]
[White "Vlassis, Konstantinos"]
[Black "Delisavidis, Dionysios"]
[Result "0-1"]
[WhiteElo "1104"]
[BlackElo "893"]
[PlyCount "70"]
[EventDate "2019.01.02"]
[EventType "swiss"]
[EventRounds "6"]
[EventCountry "GRE"]
[SourceTitle "EXT 2024"]
[Source "ChessBase"]
[SourceDate "2023.10.10"]
[SourceVersion "1"]
[SourceVersionDate "2023.10.10"]
[SourceQuality "1"]

1. e4 Nf6 2. Nc3 d6 3. Nf3 c5 4. Bc4 e6 5. d4 cxd4 6. Nxd4 Be7 7. 0-0 0-0 8. Be3 Bd7 9. h3 Qc8 10. Bd3 e5 11. Nf3 Nc6 12. Nd5 Nxd5 13. exd5 Nd8 14. c4 f5 15. Nh2 f4 16. Bd2 Bxh3 17. gxh3 Qxh3 18. Qf3 Qh6 19. Kg2 Qg5+ 20. Qg4 f3+ 21. Kh1 Qxd2 22. Qe4 Qh6 23. Rg1 Rf4 24. Rxg7+ Kxg7 25. Rg1+ Kh8 26. Qe3 Bg5 27. Rxg5 Qxg5 28. Nxf3 Qh5+ 29. Nh2 Rh4 30. Qg3 Nf7 31. Be2 Qh6 32. Bg4 Rg8 33. f3 e4 34. Kg2 exf3+ 35. Nxf3 Rhxg4 0-1